[Event "Noruega ch 2005"]
[Site "Sandnes"]
[Date "2005.07.02"]
[Round "1.1"]
[White "Hammer, Jon Ludvig"]
[Black "Agdestein, Simen"]
[Result "0-1"]
[WhiteElo "2318"]
[BlackElo "2571"]
[PlyCount "96"]
[EventDate "2005.07.02"]
[EventType "swiss"]
[EventRounds "9"]
[EventCountry "NOR"]
[Source "lmi"]
[SourceDate "2005.07.09"]

1. e4 e6 2. Nf3 d5 3. Nc3 Nf6 4. e5 Nfd7 5. d4 c5 6. dxc5 Nc6 7. Bf4 Bxc5 8.
Bd3 f6 9. exf6 Nxf6 10. O-O O-O 11. Ne5 Bd7 12. Qe2 Qe7 13. Rae1 Rae8 14. Bg3
a6 15. Kh1 g6 16. Nxc6 Bxc6 17. Nd1 Bd6 18. Bxd6 Qxd6 19. f4 Nd7 20. Qg4 Rf6
21. f5 Ne5 22. Qg5 exf5 23. Rxf5 Rxf5 24. Bxf5 d4 25. Bh3 Kg7 26. Qg3 d3 27.
cxd3 Nxd3 28. Rxe8 Qxg3 29. hxg3 Bxe8 30. Be6 Kf6 31. Bc4 Nc5 32. Bg8 Ke5 33.
Nf2 h5 34. Kg1 Kd4 35. Kf1 Nd3 36. Nd1 Bb5 37. Nc3 Be8 38. Nd1 Bb5 39. Nc3 Bc6
40. Nd1 Be4 41. Ke2 Bxg2 42. Ne3 Bc6 43. Nc2+ Ke4 44. Bh7 Be8 45. b4 Bf7 46. a4
Ne5 47. a5 Nf3 48. Ne3 Ng5 0-1

[Event "Noruega ch 2005"]
[Site "Sandnes"]
[Date "2005.07.02"]
[Round "1.4"]
[White "Fossan, Erik"]
[Black "Gausel, Einar"]
[Result "1/2-1/2"]
[WhiteElo "2389"]
[BlackElo "2522"]
[PlyCount "113"]
[EventDate "2005.07.02"]
[EventType "swiss"]
[EventRounds "9"]
[EventCountry "NOR"]
[Source "lmi"]
[SourceDate "2005.07.09"]

1. e4 Nc6 2. Nf3 d6 3. d4 Nf6 4. Nc3 Bg4 5. Be2 e6 6. O-O Be7 7. Be3 O-O 8. h3
Bh5 9. a3 d5 10. exd5 Nxd5 11. Nxd5 Qxd5 12. c4 Qd6 13. d5 exd5 14. cxd5 Bxf3
15. Bxf3 Ne5 16. Bf4 Qf6 17. Bxe5 Qxe5 18. Re1 Qf6 19. Re4 Bd6 20. Qb3 Rae8 21.
Rae1 Rxe4 22. Rxe4 b6 23. a4 g6 24. g3 Rd8 25. Kg2 a5 26. Qc3 Qf5 27. Qe3 Qd7
28. Qb3 h5 29. h4 Bf8 30. Re2 Rb8 31. Qc4 Bd6 32. b3 b5 33. Qc6 Qxc6 34. dxc6
bxa4 35. bxa4 Rb1 36. Bd5 Rd1 37. Bc4 Kg7 38. Bb5 Rc1 39. Rd2 f6 40. Re2 Kf7
41. Rd2 Rc3 42. Rd5 Ke6 43. Rd3 Rc5 44. Re3+ Kf7 45. Re4 g5 46. hxg5 fxg5 47.
Be2 Rxc6 48. Bxh5+ Kf6 49. f4 gxf4 50. gxf4 Bb4 51. Be2 Rc3 52. Rc4 Re3 53. Kf2
Re7 54. Rc6+ Kg7 55. Kf3 Rd7 56. f5 Kf8 57. Bb5 1/2-1/2

[Event "Noruega ch 2005"]
[Site "Sandnes"]
[Date "2005.07.02"]
[Round "1.5"]
[White "Leer Salvesen, Bjarte"]
[Black "Lie, Kjetil A"]
[Result "0-1"]
[WhiteElo "2374"]
[BlackElo "2472"]
[PlyCount "106"]
[EventDate "2005.07.02"]
[EventType "swiss"]
[EventRounds "9"]
[EventCountry "NOR"]
[Source "lmi"]
[SourceDate "2005.07.09"]

1. c4 b6 2. d4 Bb7 3. Nc3 e6 4. Nf3 Bb4 5. Qc2 Nf6 6. a3 Bxc3+ 7. Qxc3 Ne4 8.
Qc2 O-O 9. e3 f5 10. b3 d6 11. Bd3 Nd7 12. O-O Rf6 13. d5 Ndc5 14. Be2 exd5 15.
Bb2 Rg6 16. cxd5 Bxd5 17. Bc4 Bxc4 18. Qxc4+ d5 19. Qc2 Ne6 20. Rad1 Rc8 21.
Nd4 Rh6 22. f3 Qh4 23. h3 Qg3 24. fxe4 Ng5 25. Rf3 Nxf3+ 26. Nxf3 fxe4 27. Be5
Qg6 28. Nh2 Rxh3 29. Rxd5 Rxe3 30. Rd1 Qe6 31. Qb2 Rxb3 32. Qd4 Rd3 33. Rxd3
exd3 34. Nf3 Rf8 35. Ng5 Qc6 36. Nf3 Qg6 37. Qd5+ Kh8 38. Kf2 h6 39. Qd4 c5 40.
Qd7 c4 41. Qe7 Qf7 42. Qd6 Kh7 43. Ke3 Re8 44. Qc6 Qe6 45. Qb7 Qg6 46. Qd7 d2
47. Kxd2 Rxe5 48. Nxe5 Qg5+ 49. Kc3 Qxe5+ 50. Kxc4 Qe4+ 51. Kb5 Qe2+ 52. Kb4
a5+ 53. Ka4 Qc4# 0-1

[Event "Noruega ch 2005"]
[Site "Sandnes"]
[Date "2005.07.02"]
[Round "1.6"]
[White "Djurhuus, Rune"]
[Black "Hole, Oystein"]
[Result "1/2-1/2"]
[WhiteElo "2461"]
[BlackElo "2336"]
[PlyCount "95"]
[EventDate "2005.07.02"]
[EventType "swiss"]
[EventRounds "9"]
[EventCountry "NOR"]
[Source "lmi"]
[SourceDate "2005.07.09"]

1. e4 c6 2. d4 d5 3. f3 e6 4. Nc3 Bb4 5. Bf4 Nf6 6. Qd3 b6 7. Nge2 Ba6 8. Qe3
O-O 9. O-O-O Be7 10. g4 c5 11. exd5 exd5 12. Ng3 Bxf1 13. Rhxf1 Nc6 14. Nf5 Re8
15. Nb5 Rc8 16. Qd2 Nxd4 17. Nbxd4 cxd4 18. Qxd4 Rc5 19. Rfe1 Bf8 20. Be5 Re6
21. Qf4 b5 22. Bd4 Rc8 23. Rxe6 fxe6 24. Nh6+ gxh6 25. Bxf6 Qc7 26. Qxc7 Rxc7
27. Rd3 Bd6 28. h3 Kf7 29. Bd4 Bf4+ 30. Kd1 a6 31. Be3 Bxe3 32. Rxe3 Kf6 33. f4
Rc4 34. Rf3 Ra4 35. a3 h5 36. f5 hxg4 37. hxg4 Rxg4 38. fxe6+ Kxe6 39. Rh3 Ke5
40. Rxh7 Kd4 41. Rh1 a5 42. Kc1 a4 43. Kb1 Rg2 44. Rh8 Kc5 45. Ka2 Kb6 46. Rc8
Kb7 47. Rc5 Kb6 48. Rc3 1/2-1/2

[Event "Noruega ch 2005"]
[Site "Sandnes"]
[Date "2005.07.02"]
[Round "1.7"]
[White "Elsness, Frode"]
[Black "Jansson, Joran"]
[Result "1-0"]
[WhiteElo "2440"]
[BlackElo "2287"]
[PlyCount "65"]
[EventDate "2005.07.02"]
[EventType "swiss"]
[EventRounds "9"]
[EventCountry "NOR"]
[Source "lmi"]
[SourceDate "2005.07.09"]

1. d4 Nf6 2. c4 e6 3. Nc3 Bb4 4. Qc2 c5 5. dxc5 Qa5 6. Bd2 Qxc5 7. e3 d5 8.
cxd5 Nxd5 9. Nge2 Nc6 10. a3 O-O 11. axb4 Ndxb4 12. Qb1 Rd8 13. Nd4 e5 14. Nxc6
Qxc6 15. e4 Bg4 16. Bb5 Qg6 17. Be3 a6 18. Bf1 Rac8 19. f3 Be6 20. Kf2 Bb3 21.
Be2 Nc2 22. Qc1 f5 23. exf5 Qxf5 24. Rd1 Nd4 25. Rd2 b5 26. Qf1 Qh5 27. Kg1 Nc2
28. Rxd8+ Rxd8 29. Rd1 Rc8 30. Bf2 b4 31. Bxa6 bxc3 32. Bxc8 Qe8 33. Bd7 1-0

[Event "Noruega ch 2005"]
[Site "Sandnes"]
[Date "2005.07.02"]
[Round "1.8"]
[White "Nordahl, Helge"]
[Black "Bjerke, Silje"]
[Result "1/2-1/2"]
[WhiteElo "2423"]
[BlackElo "2137"]
[PlyCount "134"]
[EventDate "2005.07.02"]
[EventType "swiss"]
[EventRounds "9"]
[EventCountry "NOR"]
[Source "lmi"]
[SourceDate "2005.07.09"]

1. e4 c5 2. Nf3 d6 3. d4 Nf6 4. Nc3 cxd4 5. Nxd4 a6 6. Bg5 e6 7. f4 Qb6 8. Qd2
Nc6 9. Bxf6 gxf6 10. Nb3 Be7 11. O-O-O Bd7 12. Be2 O-O-O 13. Bh5 Be8 14. Kb1
Kb8 15. Rhe1 Na5 16. Nxa5 Qxa5 17. f5 Rc8 18. Bg4 h5 19. Bh3 Bd7 20. fxe6 fxe6
21. Nd5 Qxd2 22. Rxd2 exd5 23. Bxd7 Rc7 24. Bf5 dxe4 25. Rxe4 Rg8 26. h4 Rc5
27. Rxe7 Rxf5 28. b3 d5 29. Rd7 Rg4 30. g3 Rxg3 31. R7xd5 Rgf3 32. Rd6 Rc5 33.
c4 Rc7 34. Rd8+ Rc8 35. R8d7 Rc7 36. Rd8+ Rc8 37. R2d5 Rxd8 38. Rxd8+ Kc7 39.
Rh8 Rf5 40. Kc2 b5 41. cxb5 axb5 42. Kc3 Kc6 43. Kb4 Rf4+ 44. Ka5 Rxh4 45. Rh6
b4 46. Rxf6+ Kb7 47. Rf5 Kc6 48. Rf6+ Kb7 49. Rf5 Kc6 50. Rg5 Kb7 51. Kb5 Rh2
52. Kxb4 Rxa2 53. Rg7+ Kb6 54. Rg6+ Kb7 55. Kb5 Rf2 56. Rg7+ Kb8 57. Rh7 Rf6
58. Rxh5 Rg6 59. Rc5 Kb7 60. b4 Rh6 61. Ka5 Rg6 62. Rb5+ Ka7 63. Rh5 Kb7 64.
Rh7+ Kb8 65. Kb5 Rf6 66. Kc5 Rg6 67. Rd7 Rh6 1/2-1/2

[Event "Noruega ch 2005"]
[Site "Sandnes"]
[Date "2005.07.02"]
[Round "1.9"]
[White "Byklum, Bjornar"]
[Black "Fyllingen, Roy Harald"]
[Result "1/2-1/2"]
[WhiteElo "2283"]
[BlackElo "2395"]
[PlyCount "65"]
[EventDate "2005.07.02"]
[EventType "swiss"]
[EventRounds "9"]
[EventCountry "NOR"]
[Source "lmi"]
[SourceDate "2005.07.09"]

1. e4 e5 2. Nf3 Nc6 3. Nc3 Nf6 4. g3 Bc5 5. Bg2 d6 6. d3 a6 7. O-O O-O 8. Be3
Re8 9. h3 Nd4 10. Bxd4 exd4 11. Ne2 d5 12. e5 Nd7 13. c3 dxc3 14. bxc3 Bf8 15.
d4 f6 16. Nf4 c6 17. Nd3 fxe5 18. Nfxe5 Nf6 19. Re1 Qc7 20. a4 a5 21. Rb1 Be6
22. Rb2 Rad8 23. Qb3 Bc8 24. Rbe2 g6 25. Nf4 Kg7 26. Qb2 Bd6 27. Nfd3 Re7 28.
c4 dxc4 29. Nxc4 Rxe2 30. Rxe2 Bf8 31. Nc5 Nd5 32. Ne6+ Bxe6 33. Rxe6 1/2-1/2

[Event "Noruega ch 2005"]
[Site "Sandnes"]
[Date "2005.07.02"]
[Round "1.10"]
[White "Barth Sahl, Bjarke"]
[Black "Borchgrevink, Harald"]
[Result "1/2-1/2"]
[WhiteElo "2394"]
[BlackElo "2259"]
[PlyCount "37"]
[EventDate "2005.07.02"]
[EventType "swiss"]
[EventRounds "9"]
[EventCountry "NOR"]
[Source "lmi"]
[SourceDate "2005.07.09"]

1. e4 c5 2. Nf3 Nc6 3. d4 cxd4 4. Nxd4 e5 5. Nxc6 bxc6 6. Nc3 Nf6 7. f4 Qc7 8.
Bd3 Bc5 9. Qf3 d5 10. fxe5 Qxe5 11. Bf4 Qe6 12. O-O-O O-O 13. exd5 cxd5 14.
Rhe1 Qg4 15. Na4 Qxf3 16. gxf3 Bf2 17. Re2 Bh4 18. Nc5 Bh3 19. Nb3 1/2-1/2

[Event "Noruega ch 2005"]
[Site "Sandnes"]
[Date "2005.07.02"]
[Round "1.11"]
[White "Ekeberg, Carl Fredrik"]
[Black "Groenn, Atle"]
[Result "1/2-1/2"]
[WhiteElo "2283"]
[BlackElo "2394"]
[PlyCount "62"]
[EventDate "2005.07.02"]
[EventType "swiss"]
[EventRounds "9"]
[EventCountry "NOR"]
[Source "lmi"]
[SourceDate "2005.07.09"]

1. d4 e6 2. c4 f5 3. Nf3 Nf6 4. g3 d5 5. Bg2 c6 6. O-O Bd6 7. b3 Qe7 8. Bb2 O-O
9. Qc1 b6 10. Ba3 a5 11. Bxd6 Qxd6 12. Qf4 Qe7 13. Ne5 Ba6 14. Nd2 Ne4 15. Nxe4
fxe4 16. Qe3 Nd7 17. Nxd7 Qxd7 18. Rac1 a4 19. f3 exf3 20. exf3 dxc4 21. Bh3
Rfe8 22. bxc4 Rad8 23. Rfd1 Qf7 24. Re1 Bc8 25. Bg2 Qd7 26. f4 Qxd4 27. Bxc6
Qxe3+ 28. Rxe3 Bd7 29. Bxd7 Rxd7 30. Kf2 Kf7 31. Rb1 Rd4 1/2-1/2

[Event "Noruega ch 2005"]
[Site "Sandnes"]
[Date "2005.07.03"]
[Round "2.2"]
[White "Groenn, Atle"]
[Black "Johannessen, Leif Erlend"]
[Result "1/2-1/2"]
[WhiteElo "2394"]
[BlackElo "2543"]
[PlyCount "156"]
[EventDate "2005.07.02"]
[EventType "swiss"]
[EventRounds "9"]
[EventCountry "NOR"]
[Source "lmi"]
[SourceDate "2005.07.09"]

1. d4 d5 2. c4 c6 3. Nf3 Nf6 4. Qc2 dxc4 5. Qxc4 Bf5 6. g3 Nbd7 7. Bg2 e6 8.
O-O Be7 9. Nc3 O-O 10. Qb3 Qb6 11. Nd2 e5 12. d5 cxd5 13. Nxd5 Nxd5 14. Bxd5
Nc5 15. Qf3 Qg6 16. Nc4 e4 17. Qa3 Rad8 18. Rd1 b5 19. Be3 bxc4 20. Bxc5 Bxc5
21. Qxc5 Qf6 22. Bxc4 Rc8 23. Qd4 Qe7 24. b3 h6 25. Qd6 Qg5 26. Qe5 Rfe8 27.
Qa5 Re7 28. Rd5 Qf6 29. Rad1 Bh3 30. Rd6 Qg5 31. Qxg5 hxg5 32. R1d5 g4 33. Rd8+
Rxd8 34. Rxd8+ Kh7 35. a4 Kg6 36. a5 Kf6 37. Rd6+ Ke5 38. Rd5+ Kf6 39. e3 Rc7
40. a6 Kg6 41. Rd4 f5 42. Rd1 Kg5 43. Rc1 Rd7 44. Rb1 Rc7 45. Rc1 Kf6 46. b4
Ke5 47. b5 Kd6 48. Rd1+ Kc5 49. Be6 Kxb5 50. Bxf5 Rc4 51. f3 Rc3 52. Bxg4 Bxg4
53. fxg4 Kxa6 54. Rd7 g6 55. Rg7 Rc1+ 56. Kg2 Rc2+ 57. Kg1 Rc1+ 58. Kg2 Rc2+
59. Kh3 Rc6 60. Re7 Kb6 61. g5 a5 62. Rxe4 Kb5 63. g4 a4 64. Kg3 a3 65. Rd4 Rc1
66. Rd8 Rg1+ 67. Kf4 a2 68. Ra8 a1=Q 69. Rxa1 Rxa1 70. Ke5 Rh1 71. Kf6 Rxh2 72.
Kxg6 Kc5 73. Kf7 Rg2 74. g6 Rxg4 75. g7 Kd5 76. g8=Q Rxg8 77. Kxg8 Ke4 78. Kf7
Kxe3 1/2-1/2

[Event "Noruega ch 2005"]
[Site "Sandnes"]
[Date "2005.07.03"]
[Round "2.3"]
[White "Gausel, Einar"]
[Black "Barth Sahl, Bjarke"]
[Result "1/2-1/2"]
[WhiteElo "2522"]
[BlackElo "2394"]
[PlyCount "119"]
[EventDate "2005.07.02"]
[EventType "swiss"]
[EventRounds "9"]
[EventCountry "NOR"]
[Source "lmi"]
[SourceDate "2005.07.09"]

1. Nf3 Nf6 2. c4 c5 3. e3 e6 4. d4 d5 5. a3 a6 6. dxc5 Bxc5 7. b4 Bd6 8. Bb2
O-O 9. Nc3 Nc6 10. Rc1 Ne5 11. cxd5 exd5 12. Be2 Be6 13. Na4 Nc4 14. Bxf6 gxf6
15. O-O b5 16. Nc5 Qe7 17. Nd4 Kh8 18. Ncxe6 fxe6 19. Rc3 Rac8 20. g3 f5 21.
Bf3 Be5 22. Rb3 Bg7 23. Bg2 e5 24. Nf3 d4 25. exd4 e4 26. Nh4 Rcd8 27. Bh3 Rd5
28. Qh5 Qf7 29. Qxf7 Rxf7 30. Rd1 Nd6 31. Rbb1 Nc4 32. Rb3 Nd6 33. Rb2 Rc7 34.
Rbd2 Rc3 35. Ng2 Nc4 36. Nf4 Nxd2 37. Nxd5 Rd3 38. Kg2 Rxd4 39. Nc7 Nc4 40.
Rxd4 Bxd4 41. Nxa6 Nd6 42. Nc5 Bc3 43. f3 Kg7 44. fxe4 fxe4 45. Bd7 Kf6 46.
Bxb5 Nxb5 47. Nxe4+ Kf5 48. Nxc3 Nxc3 49. Kf3 h5 50. h3 Kg5 51. Ke3 Nb5 52. a4
Nc3 53. a5 Nd5+ 54. Kd4 Nxb4 55. Kc5 Na6+ 56. Kb5 Nc7+ 57. Kb6 Nd5+ 58. Kb7 Nb4
59. a6 Nxa6 60. Kxa6 1/2-1/2

[Event "Noruega ch 2005"]
[Site "Sandnes"]
[Date "2005.07.03"]
[Round "2.4"]
[White "Lie, Kjetil A"]
[Black "Elsness, Frode"]
[Result "1-0"]
[WhiteElo "2472"]
[BlackElo "2440"]
[PlyCount "83"]
[EventDate "2005.07.02"]
[EventType "swiss"]
[EventRounds "9"]
[EventCountry "NOR"]
[Source "lmi"]
[SourceDate "2005.07.09"]

1. e4 e5 2. Nf3 Nc6 3. Bc4 Bc5 4. c3 Nf6 5. d3 d6 6. Nbd2 O-O 7. h3 d5 8. Bb3
Re8 9. exd5 Nxd5 10. Ne4 Bf8 11. Nfg5 Be6 12. Qf3 Qd7 13. Nxe6 fxe6 14. O-O Be7
15. Qg4 Rf8 16. Bh6 Rf7 17. Ng5 Rf6 18. Nxe6 Rg6 19. Qe4 Rxh6 20. Qxd5 Qxd5 21.
Bxd5 Kh8 22. Nxc7 Rd8 23. Be4 Bc5 24. b4 Bd6 25. Nd5 Bb8 26. Ne3 Rhd6 27. a4
R6d7 28. a5 Ne7 29. b5 g6 30. a6 b6 31. Nc2 Rc8 32. c4 Bd6 33. Rfe1 Kg7 34. Bb7
Rcc7 35. Rad1 Nf5 36. g4 Nd4 37. Nxd4 exd4 38. Re8 Rf7 39. Ra8 Rce7 40. Rxa7
Rf8 41. Ra8 Bb8 42. Kf1 1-0

[Event "Noruega ch 2005"]
[Site "Sandnes"]
[Date "2005.07.03"]
[Round "2.6"]
[White "Nordahl, Helge"]
[Black "Fyllingen, Roy Harald"]
[Result "1/2-1/2"]
[WhiteElo "2423"]
[BlackElo "2395"]
[PlyCount "79"]
[EventDate "2005.07.02"]
[EventType "swiss"]
[EventRounds "9"]
[EventCountry "NOR"]
[Source "lmi"]
[SourceDate "2005.07.09"]

1. d4 Nf6 2. c4 g6 3. Nc3 Bg7 4. Nf3 O-O 5. Bg5 h6 6. Bh4 c5 7. d5 d6 8. e3 Bg4
9. Be2 a6 10. O-O g5 11. Bg3 Nh5 12. Nd2 Nxg3 13. hxg3 Bxe2 14. Qxe2 Nd7 15. f4
Qe8 16. fxg5 hxg5 17. Qg4 Bxc3 18. bxc3 f6 19. Qe6+ Kg7 20. Rab1 Rb8 21. g4 Ne5
22. Rb6 Qd7 23. Qxd7 Nxd7 24. Rb3 b5 25. Rfb1 Ne5 26. a4 b4 27. cxb4 Rxb4 28.
Rxb4 cxb4 29. Rxb4 Rc8 30. Rb6 Nxg4 31. a5 Rc5 32. Rxa6 Nxe3 33. Ra7 Nxc4 34.
Nxc4 Rxc4 35. Rxe7+ Kg6 36. a6 Ra4 37. a7 g4 38. Kf2 f5 39. g3 Kf6 40. Re6+
1/2-1/2

[Event "Noruega ch 2005"]
[Site "Sandnes"]
[Date "2005.07.03"]
[Round "2.7"]
[White "Borchgrevink, Harald"]
[Black "Fossan, Erik"]
[Result "0-1"]
[WhiteElo "2259"]
[BlackElo "2389"]
[PlyCount "86"]
[EventDate "2005.07.02"]
[EventType "swiss"]
[EventRounds "9"]
[EventCountry "NOR"]
[Source "lmi"]
[SourceDate "2005.07.09"]

1. d4 Nf6 2. Nf3 c5 3. d5 b5 4. Bg5 d6 5. Bxf6 exf6 6. e4 a6 7. Nbd2 f5 8. a4
b4 9. Bd3 fxe4 10. Nxe4 Be7 11. O-O O-O 12. Re1 Bb7 13. Bf1 Nd7 14. c4 bxc3 15.
bxc3 Nf6 16. Rb1 Ra7 17. Nfg5 g6 18. Bc4 Bc8 19. Ng3 Nd7 20. Nf3 Nb6 21. Ba2 a5
22. Nd2 Bf6 23. Nge4 Bg7 24. Nc4 Nxc4 25. Bxc4 f5 26. Nxc5 dxc5 27. d6+ Kh8 28.
Qd5 Bxc3 29. Qxc5 Bxe1 30. Qxa7 Bb4 31. Rd1 Bd7 32. Bb3 Rf6 33. Qa6 h6 34. h4
h5 35. g3 Qf8 36. Qb7 Rxd6 37. Rxd6 Qxd6 38. Qa8+ Qf8 39. Qd5 Qg7 40. Kh2 Kh7
41. Qc4 Kh8 42. Qd5 Kh7 43. Qc4 Be8 0-1

[Event "Noruega ch 2005"]
[Site "Sandnes"]
[Date "2005.07.03"]
[Round "2.8"]
[White "Jansson, Joran"]
[Black "Leer Salvesen, Bjarte"]
[Result "0-1"]
[WhiteElo "2287"]
[BlackElo "2374"]
[PlyCount "66"]
[EventDate "2005.07.02"]
[EventType "swiss"]
[EventRounds "9"]
[EventCountry "NOR"]
[Source "lmi"]
[SourceDate "2005.07.09"]

1. Nf3 d5 2. d4 Nf6 3. c4 e6 4. Nc3 c6 5. Bg5 Nbd7 6. e3 Be7 7. Bd3 O-O 8. O-O
Re8 9. Ne5 Nxe5 10. dxe5 Nd7 11. Bxe7 Qxe7 12. f4 a6 13. Rf3 f5 14. cxd5 cxd5
15. Ne2 Nb8 16. g4 Nc6 17. Rg3 Kh8 18. gxf5 exf5 19. a3 Be6 20. Rc1 Rac8 21.
Rg2 Rg8 22. Ng3 Qf7 23. Qh5 g6 24. Qg5 Nxe5 25. fxe5 Rxc1+ 26. Nf1 Qg7 27. Qf4
Qe7 28. h4 Bd7 29. h5 g5 30. Qd4 Qc5 31. Kf2 Qxd4 32. exd4 Rd1 33. Ke2 Rxd3 0-1

[Event "Noruega ch 2005"]
[Site "Sandnes"]
[Date "2005.07.03"]
[Round "2.9"]
[White "Tallaksen, Geir Sune"]
[Black "Ekeberg, Carl Fredrik"]
[Result "1/2-1/2"]
[WhiteElo "2349"]
[BlackElo "2283"]
[PlyCount "48"]
[EventDate "2005.07.02"]
[EventType "swiss"]
[EventRounds "9"]
[EventCountry "NOR"]
[Source "lmi"]
[SourceDate "2005.07.09"]

1. d4 f5 2. Nc3 Nf6 3. Bg5 d5 4. Bxf6 exf6 5. e3 Be6 6. Bd3 Qd7 7. Qf3 Nc6 8.
a3 g6 9. Nge2 Bf7 10. O-O-O h5 11. h3 h4 12. g4 hxg3 13. Qxg3 O-O-O 14. h4 Ne7
15. Nf4 Bh6 16. Be2 Kb8 17. Nd3 b6 18. Bf3 Kb7 19. Kb1 Nc8 20. Nf4 Bxf4 21.
Qxf4 c6 22. Ne2 Rh7 23. Qg3 Nd6 24. Nf4 Rh6 1/2-1/2

[Event "Noruega ch 2005"]
[Site "Sandnes"]
[Date "2005.07.04"]
[Round "3.1"]
[White "Djurhuus, Rune"]
[Black "Agdestein, Simen"]
[Result "1/2-1/2"]
[WhiteElo "2461"]
[BlackElo "2571"]
[PlyCount "25"]
[EventDate "2005.07.02"]
[EventType "swiss"]
[EventRounds "9"]
[EventCountry "NOR"]
[Source "lmi"]
[SourceDate "2005.07.09"]

1. e4 d5 2. exd5 Qxd5 3. Nc3 Qa5 4. d4 Nf6 5. Bc4 c6 6. Qe2 Bf5 7. Nf3 e6 8.
Bd2 Bb4 9. Ne5 Nbd7 10. O-O-O Nxe5 11. dxe5 Nd5 12. Nxd5 Bxd2+ 13. Qxd2 1/2-1/2

[Event "Noruega ch 2005"]
[Site "Sandnes"]
[Date "2005.07.04"]
[Round "3.2"]
[White "Johannessen, Leif Erlend"]
[Black "Gausel, Einar"]
[Result "1/2-1/2"]
[WhiteElo "2543"]
[BlackElo "2522"]
[PlyCount "62"]
[EventDate "2005.07.02"]
[EventType "swiss"]
[EventRounds "9"]
[EventCountry "NOR"]
[Source "lmi"]
[SourceDate "2005.07.09"]

1. d4 Nf6 2. c4 e6 3. Nf3 d5 4. Nc3 Bb4 5. cxd5 exd5 6. Qa4+ Nc6 7. Bg5 h6 8.
Bxf6 Qxf6 9. e3 O-O 10. Be2 Rd8 11. O-O Bg4 12. Qb3 Bxc3 13. Qxc3 Qd6 14. Rac1
Rac8 15. a3 Ne7 16. b4 c6 17. a4 a6 18. Qb3 Ra8 19. Rc5 Ra7 20. Rfc1 Rda8 21.
R5c2 Bxf3 22. Bxf3 g6 23. Qb2 Qf6 24. Be2 h5 25. Rb1 Kg7 26. b5 axb5 27. axb5
h4 28. Qc1 Ra2 29. bxc6 bxc6 30. Rbb2 Ra1 31. Rb1 R1a2 1/2-1/2

[Event "Noruega ch 2005"]
[Site "Sandnes"]
[Date "2005.07.04"]
[Round "3.4"]
[White "Fossan, Erik"]
[Black "Lie, Kjetil A"]
[Result "1/2-1/2"]
[WhiteElo "2389"]
[BlackElo "2472"]
[PlyCount "21"]
[EventDate "2005.07.02"]
[EventType "swiss"]
[EventRounds "9"]
[EventCountry "NOR"]
[Source "lmi"]
[SourceDate "2005.07.09"]

1. e4 c5 2. c3 e6 3. d4 d5 4. Bd3 dxe4 5. Bxe4 Nf6 6. Bf3 cxd4 7. cxd4 Nc6 8.
Ne2 e5 9. Bxc6+ bxc6 10. O-O Bd6 11. dxe5 1/2-1/2

[Event "Noruega ch 2005"]
[Site "Sandnes"]
[Date "2005.07.04"]
[Round "3.5"]
[White "Elsness, Frode"]
[Black "Borchgrevink, Harald"]
[Result "1-0"]
[WhiteElo "2440"]
[BlackElo "2259"]
[PlyCount "135"]
[EventDate "2005.07.02"]
[EventType "swiss"]
[EventRounds "9"]
[EventCountry "NOR"]
[Source "lmi"]
[SourceDate "2005.07.09"]

1. d4 Nf6 2. c4 e6 3. Nc3 Bb4 4. Qc2 O-O 5. a3 Bxc3+ 6. Qxc3 b6 7. Nf3 Bb7 8.
e3 d5 9. Be2 Nbd7 10. O-O c5 11. b4 cxd4 12. Qxd4 dxc4 13. Bxc4 Qe7 14. Bb2
Rfd8 15. Qh4 Nf8 16. Ne5 Ng6 17. Nxg6 hxg6 18. Rfd1 Rac8 19. Bf1 Rd5 20. Rxd5
Bxd5 21. Qd4 Rd8 22. Rd1 Rd7 23. Qe5 Bb3 24. Rc1 Rd1 25. Rc8+ Rd8 26. Rc3 Bd5
27. f3 Bb7 28. Rc7 Rd7 29. Rxd7 Qxd7 30. Qb8+ Bc8 31. Bxf6 gxf6 32. Ba6 Qd1+
33. Kf2 Qd2+ 34. Kg3 Qe1+ 35. Kh3 Kg7 36. Qxc8 g5 37. Qc4 Qxe3 38. a4 f5 39.
Qd3 g4+ 40. Kg3 Qe1+ 41. Kf4 Qc1+ 42. Ke5 Qb2+ 43. Kd6 Qxb4+ 44. Kc7 Qxa4 45.
fxg4 Qxg4 46. g3 Qb4 47. Kb8 Qb2 48. h3 b5 49. Kxa7 b4 50. Bc4 f4 51. g4 f3 52.
Kb6 f2 53. Kb5 Qc3 54. Ka4 Qb2 55. h4 b3 56. Kb4 Qc2 57. Qxb3 Qe4 58. Qc3+ e5
59. Qh3 Qf4 60. g5 e4 61. Qc3+ f6 62. Qd4 Kg6 63. Qd8 fxg5 64. Qe8+ Kg7 65.
Qg8+ Kf6 66. Qf7+ Ke5 67. Qe7+ Kd4 68. Qc5# 1-0

[Event "Noruega ch 2005"]
[Site "Sandnes"]
[Date "2005.07.04"]
[Round "3.8"]
[White "Barth Sahl, Bjarke"]
[Black "Tallaksen, Geir Sune"]
[Result "1/2-1/2"]
[WhiteElo "2394"]
[BlackElo "2349"]
[PlyCount "49"]
[EventDate "2005.07.02"]
[EventType "swiss"]
[EventRounds "9"]
[EventCountry "NOR"]
[Source "lmi"]
[SourceDate "2005.07.09"]

1. d4 Nf6 2. c4 e6 3. Nc3 Bb4 4. Nf3 b6 5. g3 Bb7 6. Bg2 c5 7. O-O cxd4 8. Nb5
a6 9. Nbxd4 O-O 10. a3 Be7 11. Be3 d6 12. Rc1 Nbd7 13. Bh3 Ne4 14. Bg2 Rc8 15.
Qd3 Rc7 16. b4 Qa8 17. Rfd1 Rd8 18. Qb1 Rdc8 19. Qd3 d5 20. cxd5 Bxd5 21. Rxc7
Rxc7 22. Rc1 Rxc1+ 23. Bxc1 Nd6 24. Qc3 b5 25. Qc7 1/2-1/2

[Event "Noruega ch 2005"]
[Site "Sandnes"]
[Date "2005.07.04"]
[Round "3.9"]
[White "Leer Salvesen, Bjarte"]
[Black "Groenn, Atle"]
[Result "0-1"]
[WhiteElo "2374"]
[BlackElo "2394"]
[PlyCount "122"]
[EventDate "2005.07.02"]
[EventType "swiss"]
[EventRounds "9"]
[EventCountry "NOR"]
[Source "lmi"]
[SourceDate "2005.07.09"]

1. c4 g6 2. g3 Bg7 3. Bg2 e5 4. Nc3 Ne7 5. e4 d6 6. Nge2 O-O 7. d3 Be6 8. O-O
c6 9. Be3 f5 10. f4 fxe4 11. Nxe4 Bg4 12. fxe5 Nf5 13. Bf2 Bxe5 14. h3 Bxe2 15.
Qxe2 Nd7 16. Kh2 Qc7 17. Qd2 Nc5 18. Rae1 Nxe4 19. dxe4 Nh4 20. Bd4 Nxg2 21.
Kxg2 Qg7 22. Be3 Rxf1 23. Rxf1 Qe7 24. Kh2 Re8 25. Bf4 Bxf4 26. Rxf4 Rf8 27.
Kg2 Rxf4 28. Qxf4 Kg7 29. h4 Qf6 30. Qd2 Qe5 31. Kf3 h5 32. b3 b6 33. Qd3 Kf6
34. Qd2 Ke6 35. Qd3 Qf6+ 36. Ke3 Qb2 37. Qd2 Qf6 38. Qd3 Qa1 39. Qd2 Ke5 40.
Kf2 Kxe4 41. Qf4+ Kd3 42. Qf3+ Kc2 43. Qxc6 Qxa2 44. Qxd6 Kxb3+ 45. Ke3 Qc2 46.
Qd7 Qxc4 47. Qxa7 b5 48. Qb6 Qc1+ 49. Kd3 Qd1+ 50. Ke4 Qc2+ 51. Kf4 Qf5+ 52.
Ke3 b4 53. Qd6 Qc2 54. Kf4 Qf5+ 55. Ke3 Ka3 56. Kd2 Qf2+ 57. Kd1 Qf3+ 58. Kd2
Qe4 59. Kc1 Qe1+ 60. Kc2 Qe2+ 61. Kc1 Kb3 0-1

[Event "Noruega ch 2005"]
[Site "Sandnes"]
[Date "2005.07.04"]
[Round "3.11"]
[White "Byklum, Bjornar"]
[Black "Bjerke, Silje"]
[Result "1-0"]
[WhiteElo "2283"]
[BlackElo "2137"]
[PlyCount "65"]
[EventDate "2005.07.02"]
[EventType "swiss"]
[EventRounds "9"]
[EventCountry "NOR"]
[Source "lmi"]
[SourceDate "2005.07.09"]

1. e4 c5 2. Nc3 d6 3. f4 Nc6 4. Nf3 g6 5. Bc4 Bg7 6. O-O e6 7. d3 Nge7 8. Qe1
O-O 9. a3 a6 10. Ba2 d5 11. Qh4 f5 12. e5 b5 13. Ne2 a5 14. Be3 c4 15. Bc5 Qc7
16. Qf2 Re8 17. h4 Bd7 18. h5 gxh5 19. Ng3 h4 20. Nh5 Ng6 21. Nxg7 Kxg7 22.
Nxh4 Nce7 23. d4 Qd8 24. Qg3 Ng8 25. Nxg6 hxg6 26. Kf2 Nh6 27. Rh1 Ng4+ 28. Kf3
Rh8 29. Rag1 Qe8 30. Rh4 Qf7 31. Rgh1 Rag8 32. Qh3 Qe8 33. Rh7+ 1-0